Hương dẫn kỹ thuật nuôi tôm sú
Sách là tài liệu rất bổ ích trong cho ai đang nuôi tôm sú và muốn hiểu thêm về những kỹ thuật nuôi tôm sú nhằm mang lại năng suất cao.
Saved in:
| Main Author: | |
|---|---|
| Format: | Book |
| Language: | Undetermined |
| Published: |
Nha Trang
Trường Đại học Thủy sản
2004
|
| Subjects: | |
| Tags: |
Add Tag
No Tags, Be the first to tag this record!
|
| Institutions: | Trung tâm Học liệu Trường Đại học Cần Thơ |
|---|
| LEADER | 00806nam a2200193Ia 4500 | ||
|---|---|---|---|
| 001 | CTU_161203 | ||
| 008 | 210402s9999 xx 000 0 und d | ||
| 082 | |a 639.6 | ||
| 082 | |b Nh400 | ||
| 100 | |a Nguyễn, Trọng Nho | ||
| 245 | 0 | |a Hương dẫn kỹ thuật nuôi tôm sú | |
| 245 | 0 | |c Nguyễn Trọng Nho, Ngô Anh Tuấn, Tạ Khắc Thường | |
| 260 | |a Nha Trang | ||
| 260 | |b Trường Đại học Thủy sản | ||
| 260 | |c 2004 | ||
| 520 | |a Sách là tài liệu rất bổ ích trong cho ai đang nuôi tôm sú và muốn hiểu thêm về những kỹ thuật nuôi tôm sú nhằm mang lại năng suất cao. | ||
| 650 | |a Shrimps,Fish culture | ||
| 904 | |i Giang | ||
| 980 | |a Trung tâm Học liệu Trường Đại học Cần Thơ | ||